Szegedi hősök
Elmentve itt :
| Dokumentumtípus: | Cikk |
|---|---|
| Megjelent: |
1941-09-14
|
| Sorozat: | Délmagyarország
17 No. 209 |
| Kulcsszavak: | Zentai Ferenc, Háborús hős Szeged |
| Online Access: | http://dmarchiv.bibl.u-szeged.hu/50956 |
| LEADER | 00407nab a2200145 i 4500 | ||
|---|---|---|---|
| 001 | delm50956 | ||
| 005 | 20180927134817.0 | ||
| 008 | 180927s1941 hu o 0|| hun d | ||
| 040 | |a SZTE Délmagyarország Archívum |b hun | ||
| 041 | |a hun | ||
| 245 | 0 | 0 | |a Szegedi hősök |h [elektronikus dokumentum] |
| 260 | |c 1941-09-14 | ||
| 300 | |a 9 | ||
| 490 | 0 | |a Délmagyarország |v 17 No. 209 | |
| 695 | |a Zentai Ferenc, Háborús hős Szeged | ||